000
00285nam a22001097a 4500
008
160512b xxu||||| |||| 00| 0 eng d
020
_a
9786082293554
041
_a
eng
080
_a
542
245
_a
Kimia moderne ne qumeshtari / Vellimi 3:
_c
P.L.H Meksvini; P.F. Foks;
942
_2
udc
_c
BK
999
_c
2079
_d
2079